[Event "CAN-ch U20"]
[Site "Mississauga CAN"]
[Date "2017.08.13"]
[Round "8.3"]
[White "Dukic, Zachary"]
[Black "Liang, Hairan"]
[Result "1-0"]
[WhiteElo "2238"]
[BlackElo "2231"]
[WhiteFideId "-1"]
[WhiteFideId "-1"]
[PlyCount "115"]
[GameId "2160767908347521"]
[EventDate "2017.08.09"]
[EventType "swiss"]
[EventRounds "7"]
[EventCountry "CAN"]
[SourceTitle "hb 2017"]

1. e4 c5 2. Nf3 Nc6 3. d4 cxd4 4. Nxd4 g6 5. Nc3 Bg7 6. Be3 Nf6 7. Bc4 Qa5 8. O-O O-O 9. Bb3 d6 10. h3 Bd7 11. Re1 Rfe8 12. Nf3 Rac8 13. Ng5 Nd8 14. Nd5 h6 15. Nf3 Nxd5 16. exd5 Bxb2 17. Bd4 Bxd4 18. Nxd4 e5 19. dxe6 Nxe6 20. Nxe6 Bxe6 21. Bxe6 Rxe6 22. Rxe6 fxe6 23. Qxd6 Qf5 24. Rd1 Rf8 25. Rd2 Rf7 26. Qb8+ Kh7 27. Qxa7 Qe5 28. Qd4 Qxd4 29. Rxd4 Rc7 30. Rb4 Kg7 31. Rb2 Kf6 32. Kf1 Ke5 33. Ke2 Kd5 34. Kd3 Kd6 35. Rb6+ Ke5 36. Rb5+ Kd6 37. c4 Kc6 38. Re5 Kd6 39. f4 b6 40. Rb5 Kc6 41. Ke4 Ra7 42. Rb2 Ra5 43. Kd4 Rf5 44. g3 Ra5 45. g4 Kc7 46. Rb5 Rxa2 47. Ke5 Rf2 48. c5 bxc5 49. Rxc5+ Kd7 50. Ra5 Rh2 51. Ra7+ Kd8 52. Kd6 Kc8 53. Rc7+ Kb8 54. Rc3 Re2 55. Ke7 Rf2 56. Kf6 g5 57. f5 exf5 58. gxf5 1-0

[Event "CAN-ch U20"]
[Site "Mississauga CAN"]
[Date "2017.08.13"]
[Round "8.5"]
[White "Issani, Nameer"]
[Black "Nasir, Zehn"]
[Result "0-1"]
[WhiteElo "2072"]
[BlackElo "2221"]
[WhiteFideId "-1"]
[WhiteFideId "-1"]
[PlyCount "148"]
[GameId "2160767908347523"]
[EventDate "2017.08.09"]
[EventType "swiss"]
[EventRounds "7"]
[EventCountry "CAN"]
[SourceTitle "hb 2017"]

1. d4 Nf6 2. c4 c5 3. d5 e6 4. Nc3 exd5 5. cxd5 d6 6. e4 g6 7. h3 Bg7 8. Nf3 a6 9. a4 Nbd7 10. Bd3 Nh5 11. O-O Ne5 12. Be2 Nxf3+ 13. Bxf3 Qh4 14. Bg4 Bxg4 15. Qxg4 Qxg4 16. hxg4 Nf6 17. g5 Ng4 18. f3 Bd4+ 19. Kh1 h6 20. gxh6 Nxh6 21. g4 Nxg4+ 22. Kg2 Ne3+ 23. Bxe3 Bxe3 24. Ne2 Rh5 25. f4 O-O-O 26. Ra3 Bd2 27. Rd3 Ba5 28. Ng3 Rh4 29. e5 Bc7 30. e6 fxe6 31. dxe6 Re8 32. Re3 d5 33. f5 gxf5 34. Nxf5 Rh2+ 35. Kf3 Rh3+ 36. Kg4 Rxe3 37. Nxe3 d4 38. Nd5 Rxe6 39. Rf8+ Bd8 40. Kf5 Re1 41. Nf4 Kd7 42. Rh8 Bc7 43. Nd3 Rf1+ 44. Ke4 Bd6 45. Kd5 Rf5+ 46. Kc4 b6 47. Ra8 Kc6 48. Ne1 b5+ 49. axb5+ axb5+ 50. Kd3 Kd5 51. b3 c4+ 52. bxc4+ bxc4+ 53. Ke2 Bb4 54. Rd8+ Ke4 55. Re8+ Re5 56. Rxe5+ Kxe5 57. Nf3+ Ke4 58. Ng5+ Kf5 59. Nf3 d3+ 60. Ke3 Bc5+ 61. Kd2 Kf4 62. Nh4 Bb4+ 63. Kd1 c3 64. Ng2+ Ke4 65. Ne1 Ba3 66. Nc2 dxc2+ 67. Kxc2 Kd4 68. Kb3 Kd3 69. Ka2 Kd2 70. Ka1 c2 71. Ka2 c1=R 72. Kb3 Kd3 73. Ka4 Rb1 74. Ka5 Kc4 0-1

[Event "CAN-ch U20"]
[Site "Mississauga CAN"]
[Date "2017.08.13"]
[Round "8.6"]
[White "Rusonik, Max"]
[Black "Noorali, Aahil"]
[Result "0-1"]
[WhiteElo "1880"]
[BlackElo "2008"]
[WhiteFideId "-1"]
[WhiteFideId "-1"]
[PlyCount "56"]
[GameId "2160767908347524"]
[EventDate "2017.08.09"]
[EventType "swiss"]
[EventRounds "7"]
[EventCountry "CAN"]
[SourceTitle "hb 2017"]

1. e4 e5 2. f4 exf4 3. Nf3 Nf6 4. e5 Nh5 5. Qe2 g5 6. Nd4 Ng7 7. Nc3 Nc6 8. Nxc6 dxc6 9. Ne4 Be7 10. h4 g4 11. d3 Bxh4+ 12. Rxh4 Qxh4+ 13. g3 fxg3 14. Bg5 Qh2 15. Qe3 O-O 16. Bh6 Bf5 17. Qg5 Bg6 18. O-O-O Nf5 19. Bxf8 Rxf8 20. Nf6+ Kg7 21. Nxg4 Qh4 22. Qf6+ Qxf6 23. exf6+ Kg8 24. Be2 Re8 25. Bf3 h5 26. Nh2 gxh2 27. Rh1 Ng3 28. Rxh2 Re1+ 0-1

[Event "CAN-ch U20"]
[Site "Mississauga CAN"]
[Date "2017.08.13"]
[Round "8.7"]
[White "Zhao, Harry"]
[Black "Huang, Youhe"]
[Result "1-0"]
[WhiteElo "2195"]
[BlackElo "1680"]
[WhiteFideId "-1"]
[WhiteFideId "-1"]
[PlyCount "55"]
[GameId "2160767908347525"]
[EventDate "2017.08.09"]
[EventType "swiss"]
[EventRounds "7"]
[EventCountry "CAN"]
[SourceTitle "hb 2017"]

1. d4 Nf6 2. Nf3 c5 3. e3 e6 4. Nbd2 d5 5. a3 Nc6 6. b3 cxd4 7. exd4 Qb6 8. Bb2 e5 9. Nxe5 Nxe5 10. Qe2 Nfd7 11. g3 Qc7 12. O-O-O Qa5 13. Nb1 Qc7 14. Bg2 Qc6 15. Nc3 Bxa3 16. Nxd5 Bxb2+ 17. Kxb2 a5 18. dxe5 Qc5 19. Qb5 Qxb5 20. Nc7+ Ke7 21. Nxb5 Nxe5 22. Rhe1 Kf6 23. Nc7 Be6 24. Nxa8 Rxa8 25. Bxb7 Rb8 26. Bd5 a4 27. Bxe6 fxe6 28. Rd4 1-0

[Event "CAN-ch U20"]
[Site "Mississauga CAN"]
[Date "2017.08.13"]
[Round "8.8"]
[White "Ning, Eric"]
[Black "Surya, Benito"]
[Result "1/2-1/2"]
[WhiteElo "1926"]
[BlackElo "1998"]
[WhiteFideId "-1"]
[WhiteFideId "-1"]
[PlyCount "103"]
[GameId "2160767908347526"]
[EventDate "2017.08.09"]
[EventType "swiss"]
[EventRounds "7"]
[EventCountry "CAN"]
[SourceTitle "hb 2017"]

1. d4 d5 2. c4 e6 3. Nf3 c5 4. cxd5 exd5 5. Nc3 Nc6 6. Bg5 Be7 7. Bxe7 Ngxe7 8. e3 c4 9. Be2 O-O 10. O-O Bf5 11. Qd2 Rb8 12. Bd1 b5 13. Bc2 Bxc2 14. Qxc2 Qd6 15. b3 b4 16. Na4 c3 17. a3 a5 18. axb4 axb4 19. Nc5 Ra8 20. Ra4 Rxa4 21. Nxa4 Ra8 22. Ra1 Qg6 23. Ne1 Nc8 24. Qxg6 hxg6 25. Nc2 Ra7 26. Nc5 Rxa1+ 27. Nxa1 Nd6 28. Nc2 Nb5 29. Nd3 Na5 30. Ndxb4 Nxb3 31. Nxd5 Kf8 32. Kf1 Ke8 33. Ke2 Nc1+ 34. Kd1 Nd3 35. f3 Nb2+ 36. Kc1 Nd3+ 37. Kb1 Kd7 38. Ka2 Nc1+ 39. Kb1 Nd3 40. Ndb4 Na3+ 41. Nxa3 Nxb4 42. Kc1 Nd3+ 43. Kc2 Ne1+ 44. Kxc3 Nxg2 45. Kd3 Nh4 46. Ke4 g5 47. f4 g4 48. Nc4 f5+ 49. Kd3 Ke6 50. Nd2 Ng6 51. Kc4 Kd6 52. Nf1 1/2-1/2

[Event "CAN-ch U20"]
[Site "Mississauga CAN"]
[Date "2017.08.13"]
[Round "8.9"]
[White "Xu, Daniel"]
[Black "Chen, Max"]
[Result "1/2-1/2"]
[WhiteElo "1895"]
[BlackElo "1987"]
[WhiteFideId "-1"]
[WhiteFideId "-1"]
[PlyCount "81"]
[GameId "2160767908347527"]
[EventDate "2017.08.09"]
[EventType "swiss"]
[EventRounds "7"]
[EventCountry "CAN"]
[SourceTitle "hb 2017"]

1. d4 Nf6 2. Nf3 g6 3. g3 Bg7 4. Bg2 O-O 5. O-O d5 6. c4 e6 7. Nc3 b6 8. Ne5 Bb7 9. e3 Nbd7 10. f4 Ne4 11. cxd5 exd5 12. Nxe4 dxe4 13. Qc2 Nf6 14. b3 Rc8 15. Bh3 Rb8 16. Ba3 Re8 17. Rac1 Nd5 18. Rfe1 Bf8 19. Bxf8 Kxf8 20. Bg2 Qe7 21. Bf1 Rbc8 22. Qb2 Qd6 23. Nc4 Qb4 24. a3 Qe7 25. Bh3 Rcd8 26. Ne5 Kg7 27. Nc6 Bxc6 28. Rxc6 f5 29. Bf1 Rd6 30. Rxd6 Qxd6 31. Bc4 Nf6 32. Rc1 Rc8 33. Ba6 Re8 34. Bb5 Re7 35. b4 Rf7 36. Qb3 Re7 37. h3 Qd5 38. Bc4 Qd6 39. Bb5 Qd5 40. Bc4 Qd6 41. Bb5 1/2-1/2

[Event "CAN-ch U20"]
[Site "Mississauga CAN"]
[Date "2017.08.13"]
[Round "8.10"]
[White "Zheng, Kevin"]
[Black "Yang, Fan"]
[Result "0-1"]
[WhiteElo "1874"]
[BlackElo "2103"]
[WhiteFideId "-1"]
[WhiteFideId "-1"]
[PlyCount "102"]
[GameId "2160767908347528"]
[EventDate "2017.08.09"]
[EventType "swiss"]
[EventRounds "7"]
[EventCountry "CAN"]
[SourceTitle "hb 2017"]

1. d4 d5 2. c4 c6 3. e3 Nf6 4. Nf3 e6 5. Nbd2 Nbd7 6. b3 Bd6 7. Bb2 b6 8. Bd3 Bb7 9. Rc1 Rc8 10. Qe2 O-O 11. Ne5 c5 12. O-O Qc7 13. f4 Ne4 14. Ndf3 f6 15. Nxd7 Qxd7 16. Qe1 cxd4 17. exd4 Bxf4 18. Rd1 Bd6 19. Qh4 Qe7 20. Rfe1 f5 21. Qxe7 Bxe7 22. Bxe4 dxe4 23. Ne5 Bd6 24. d5 exd5 25. cxd5 Rfd8 26. Rf1 g6 27. g4 e3 28. Rde1 Rc2 29. Bd4 Bxe5 30. Bxe5 Bxd5 31. Rf4 Rg2+ 32. Kf1 e2+ 33. Rxe2 Rxe2 34. Kxe2 Re8 35. Kf2 Rxe5 36. Rd4 fxg4 37. Rxg4 Kf7 38. Rh4 h5 39. Rh3 Kf6 40. b4 Rg5 41. a3 Re5 42. Rc3 Re7 43. Rd3 Rf7 44. Rg3 g5 45. Ke2 Kf5 46. Kd3 h4 47. Re3 g4 48. Kd2 Kf4 49. Rc3 Rd7 50. Kc2 Be4+ 51. Kb2 Rd2+ 0-1

[Event "CAN-ch U20"]
[Site "Mississauga CAN"]
[Date "2017.08.13"]
[Round "8.11"]
[White "Jiang, Brian"]
[Black "Kang, Dorian"]
[Result "1-0"]
[WhiteElo "1827"]
[BlackElo "1976"]
[WhiteFideId "-1"]
[WhiteFideId "-1"]
[PlyCount "65"]
[GameId "2160767908347529"]
[EventDate "2017.08.09"]
[EventType "swiss"]
[EventRounds "7"]
[EventCountry "CAN"]
[SourceTitle "hb 2017"]

1. d4 Nf6 2. c4 g6 3. Nc3 d5 4. Qb3 dxc4 5. Qxc4 Bg7 6. e4 O-O 7. Be2 Na6 8. Nf3 c5 9. d5 Bg4 10. Bg5 Bxf3 11. Bxf3 h6 12. Bh4 g5 13. Bg3 Nd7 14. Be2 Qa5 15. O-O Nb6 16. Qd3 Nb4 17. Qd2 Rfd8 18. f4 g4 19. Kh1 e6 20. f5 exd5 21. f6 Bf8 22. Qf4 dxe4 23. Qxg4+ Kh8 24. Qh5 N6d5 25. Qxf7 Nxc3 26. bxc3 Nd5 27. Bc4 e3 28. Bxd5 Rxd5 29. Qxd5 Re8 30. f7 Rd8 31. Be5+ Bg7 32. f8=Q+ Rxf8 33. Rxf8+ 1-0

[Event "CAN-ch U20"]
[Site "Mississauga CAN"]
[Date "2017.08.13"]
[Round "8.13"]
[White "Liu, Henry"]
[Black "Cui, Leonardo"]
[Result "0-1"]
[WhiteElo "1598"]
[BlackElo "1872"]
[WhiteFideId "-1"]
[WhiteFideId "-1"]
[PlyCount "74"]
[GameId "2160767908347531"]
[EventDate "2017.08.09"]
[EventType "swiss"]
[EventRounds "7"]
[EventCountry "CAN"]
[SourceTitle "hb 2017"]

1. c4 Nf6 2. Nc3 d6 3. g3 c6 4. Bg2 g6 5. Nf3 Bg7 6. O-O O-O 7. d4 Nbd7 8. b3 Rb8 9. a4 a5 10. e4 c5 11. Re1 Ne8 12. Bb2 Nc7 13. Nb5 Nxb5 14. axb5 cxd4 15. Bxd4 Bxd4 16. Qxd4 Nc5 17. Qc3 b6 18. Nd4 Bb7 19. f4 e5 20. fxe5 dxe5 21. Ne2 Qc7 22. Qc2 Rfd8 23. Rad1 Rxd1 24. Rxd1 Rd8 25. Nc3 Rd4 26. Rxd4 exd4 27. Na4 d3 28. Qd2 Nxa4 29. bxa4 Qxc4 30. Bf3 Qd4+ 31. Kf1 Bxe4 32. Bxe4 Qxe4 33. Qc3 Qh1+ 34. Kf2 Qxh2+ 35. Kf3 Qe2+ 36. Kf4 Qf2+ 37. Kg4 Qf5+ 0-1

[Event "CAN-ch U20"]
[Site "Mississauga CAN"]
[Date "2017.08.13"]
[Round "8.14"]
[White "Liao, Joseph"]
[Black "Cui, Cynthia"]
[Result "1/2-1/2"]
[WhiteElo "1717"]
[BlackElo "1767"]
[WhiteFideId "-1"]
[WhiteFideId "-1"]
[PlyCount "74"]
[GameId "2160767908347532"]
[EventDate "2017.08.09"]
[EventType "swiss"]
[EventRounds "7"]
[EventCountry "CAN"]
[SourceTitle "hb 2017"]

1. e4 c6 2. d4 d5 3. e5 Bf5 4. h4 h6 5. g4 Bd7 6. Nc3 e6 7. Be3 Qb6 8. Nge2 c5 9. Qd2 Nc6 10. O-O-O c4 11. Bh3 Qa5 12. f4 h5 13. gxh5 Rxh5 14. f5 O-O-O 15. fxe6 fxe6 16. Nf4 Rxh4 17. Bxe6 Rxh1 18. Rxh1 Nge7 19. Bxd5 Nxd5 20. Nfxd5 Bf5 21. Rf1 g6 22. Nf4 Nxe5 23. Qg2 Ng4 24. Bg1 Bh6 25. Kb1 Qb6 26. Qe2 Qa6 27. Qf3 Bg7 28. Nxg6 Bxc2+ 29. Kxc2 Qxg6+ 30. Qf5+ Qxf5+ 31. Rxf5 Bxd4 32. Rf4 Bxg1 33. Rxc4+ Kb8 34. Rxg4 Be3 35. Rg2 a6 36. Kb3 Ka7 37. Re2 Bb6 1/2-1/2

[Event "CAN-ch U20"]
[Site "Mississauga CAN"]
[Date "2017.08.13"]
[Round "9.1"]
[White "Hua, Eugene"]
[Black "Dukic, Zachary"]
[Result "1-0"]
[WhiteElo "2329"]
[BlackElo "2238"]
[WhiteFideId "-1"]
[WhiteFideId "-1"]
[PlyCount "57"]
[GameId "2160767908347534"]
[EventDate "2017.08.09"]
[EventType "swiss"]
[EventRounds "7"]
[EventCountry "CAN"]
[SourceTitle "hb 2017"]

1. c4 e5 2. g3 c6 3. d4 e4 4. Nc3 d5 5. f3 exf3 6. Nxf3 Nf6 7. Bg2 Nbd7 8. O-O Bd6 9. Nh4 O-O 10. Nf5 Bb4 11. Bg5 Bxc3 12. bxc3 h6 13. Bh4 Re8 14. cxd5 cxd5 15. Bxd5 Qa5 16. Bb3 g5 17. Nxh6+ Kh7 18. Nxf7 gxh4 19. Qd2 Qh5 20. Rf5 Qg6 21. Qf4 Nh5 22. Rxh5+ Qxh5 23. Ng5+ Kg7 24. Bf7 Qxe2 25. Bxe8 Qxe8 26. Rf1 Nf8 27. Nf7 Qe6 28. Qg5+ Qg6 29. Qe5+ 1-0

[Event "CAN-ch U20"]
[Site "Mississauga CAN"]
[Date "2017.08.13"]
[Round "9.2"]
[White "Noorali, Aahil"]
[Black "Chen, Richard"]
[Result "0-1"]
[WhiteElo "2008"]
[BlackElo "2324"]
[WhiteFideId "-1"]
[WhiteFideId "-1"]
[PlyCount "126"]
[GameId "2160767908347535"]
[EventDate "2017.08.09"]
[EventType "swiss"]
[EventRounds "7"]
[EventCountry "CAN"]
[SourceTitle "hb 2017"]

1. d4 d5 2. c4 e6 3. Nc3 c6 4. e3 Nf6 5. Bd3 Nbd7 6. Nge2 dxc4 7. Bxc4 b5 8. Bd3 Bb7 9. O-O Be7 10. Bd2 O-O 11. Ng3 b4 12. Na4 c5 13. dxc5 Bxc5 14. Bb5 Be7 15. Rc1 Ne5 16. Nc5 Qb6 17. Nxb7 Qxb5 18. Rc7 Nd5 19. Rxe7 Nxe7 20. Nd6 Qb6 21. Nde4 f6 22. Qb3 a5 23. Ne2 Qc6 24. f3 Qc4 25. Nd4 Qxb3 26. axb3 Nd3 27. Nxe6 Rfc8 28. Rb1 Rc2 29. Nd4 Rxb2 30. Rxb2 Nxb2 31. Kf2 Nd5 32. Ke2 a4 33. bxa4 Rxa4 34. Nc6 b3 35. Na5 Nc4 36. Nxb3 Ra3 37. Nec5 Nxd2 38. Nxd2 Rxe3+ 39. Kf2 Re7 40. Ncb3 Nf4 41. Nd4 Rd7 42. N2b3 Ra7 43. Kg3 g5 44. Nc2 Ra4 45. Nbd4 Ra2 46. Ne3 Kf7 47. Ndc2 Ne2+ 48. Kh3 h5 49. Nb4 Nf4+ 50. Kg3 h4+ 51. Kg4 Ra4 52. Nbc2 Nxg2+ 53. Kh3 Nf4+ 54. Kg4 Kg6 55. Nf5 Ne6+ 56. Kh3 Kxf5 57. Ne3+ Kg6 58. Kg2 Nf4+ 59. Kf2 Ra2+ 60. Kg1 h3 61. Nf1 Rg2+ 62. Kh1 Nd3 63. Ng3 Nf2# 0-1

[Event "CAN-ch U20"]
[Site "Mississauga CAN"]
[Date "2017.08.13"]
[Round "9.3"]
[White "Nasir, Zehn"]
[Black "Song, Terry"]
[Result "1-0"]
[WhiteElo "2221"]
[BlackElo "2250"]
[WhiteFideId "-1"]
[WhiteFideId "-1"]
[PlyCount "79"]
[GameId "2160767908347536"]
[EventDate "2017.08.09"]
[EventType "swiss"]
[EventRounds "7"]
[EventCountry "CAN"]
[SourceTitle "hb 2017"]

1. e4 c5 2. Nf3 d6 3. d4 cxd4 4. Nxd4 Nf6 5. Nc3 a6 6. h3 e5 7. Nde2 h5 8. g3 Be7 9. Bg2 b5 10. Nd5 Nxd5 11. Qxd5 Ra7 12. Be3 Be6 13. Qd2 Rb7 14. f4 Nd7 15. b3 Nf6 16. O-O-O b4 17. g4 hxg4 18. hxg4 Rxh1 19. Rxh1 Nxg4 20. Rh8+ Bf8 21. Bc5 Rd7 22. Bxb4 f6 23. Bh3 g6 24. fxe5 fxe5 25. Bxg4 Bxg4 26. Qh6 Qf6 27. Rxf8+ Qxf8 28. Qxg6+ Qf7 29. Qxg4 d5 30. Kb2 dxe4 31. Qxe4 Qe6 32. Nf4 Qf6 33. Nd3 Rd4 34. Qe3 Qe6 35. Bc3 Rd7 36. Nc5 Qb6 37. Qxe5+ Re7 38. Qh8+ Kf7 39. Qg7+ Ke8 40. Qg8# 1-0

[Event "CAN-ch U20"]
[Site "Mississauga CAN"]
[Date "2017.08.13"]
[Round "9.6"]
[White "Yang, Fan"]
[Black "Xu, Daniel"]
[Result "1-0"]
[WhiteElo "2103"]
[BlackElo "1895"]
[WhiteFideId "-1"]
[WhiteFideId "-1"]
[PlyCount "143"]
[GameId "2160767908347539"]
[EventDate "2017.08.09"]
[EventType "swiss"]
[EventRounds "7"]
[EventCountry "CAN"]
[SourceTitle "hb 2017"]

1. e4 e5 2. Nf3 Nc6 3. Bc4 Bc5 4. c3 Nf6 5. d3 d6 6. Bb3 h6 7. Nbd2 O-O 8. O-O Qe7 9. Re1 Ng4 10. Rf1 Be6 11. h3 Nf6 12. Bc2 Nd7 13. Nb3 Bb6 14. Re1 Qf6 15. Be3 Bxe3 16. fxe3 Qg6 17. Kh2 Ne7 18. Nbd2 f6 19. d4 c6 20. Nf1 Qf7 21. Ng3 Rfd8 22. Rf1 Ng6 23. d5 Nb6 24. dxe6 Qxe6 25. Bb3 d5 26. exd5 cxd5 27. e4 Kh8 28. exd5 Nxd5 29. Bxd5 Rxd5 30. Qb3 Qc6 31. Rad1 Rxd1 32. Rxd1 Qc7 33. Qa4 Nf8 34. Kh1 a6 35. Nf5 Rd8 36. Rxd8 Qxd8 37. Qb4 b5 38. Qe7 Qxe7 39. Nxe7 Ne6 40. g3 g5 41. Kg2 Kg7 42. Kf2 Kf7 43. Nd5 Kg6 44. Ke3 h5 45. b4 Kf7 46. Ke4 Kg6 47. Ne7+ Kf7 48. Nc6 Nc7 49. Nd2 Ke6 50. c4 f5+ 51. Ke3 Kd6 52. Na5 bxc4 53. Naxc4+ Kd5 54. Nb2 Ke6 55. a3 Nb5 56. a4 Nc7 57. Kd3 Kd5 58. Nd1 e4+ 59. Ke3 Ke5 60. Nc3 f4+ 61. gxf4+ gxf4+ 62. Ke2 e3 63. Nf3+ Kf5 64. Kd3 Ne8 65. Nd5 Nd6 66. Kd4 Nb7 67. Nc3 a5 68. b5 Nd8 69. Kd5 Nb7 70. Ne2 Nd8 71. Ned4+ Kf6 72. Ke4 1-0

[Event "CAN-ch U20"]
[Site "Mississauga CAN"]
[Date "2017.08.13"]
[Round "9.8"]
[White "Surya, Benito"]
[Black "Rusonik, Max"]
[Result "1/2-1/2"]
[WhiteElo "1998"]
[BlackElo "1880"]
[WhiteFideId "-1"]
[WhiteFideId "-1"]
[PlyCount "62"]
[GameId "2160767908347541"]
[EventDate "2017.08.09"]
[EventType "swiss"]
[EventRounds "7"]
[EventCountry "CAN"]
[SourceTitle "hb 2017"]

1. e4 e5 2. Nf3 Nc6 3. Bb5 f5 4. d3 fxe4 5. dxe4 Nf6 6. O-O Bc5 7. Nc3 O-O 8. Bg5 d6 9. Nd5 Be6 10. Bc4 Qd7 11. Bxf6 gxf6 12. Qe2 Kh8 13. c3 Ne7 14. Nxe7 Qxe7 15. Nh4 Bxc4 16. Qxc4 Qf7 17. Qe2 Rad8 18. b4 Bb6 19. Rad1 Rd7 20. Rd3 Rfd8 21. Nf5 Qc4 22. Rfd1 d5 23. Qg4 d4 24. Qh4 Qe6 25. Qh6 Qf7 26. cxd4 Bxd4 27. Kh1 Qg6 28. Qc1 Qf7 29. Qh6 Qg6 30. Qc1 Qf7 31. Qh6 Qg6 1/2-1/2

[Event "CAN-ch U20"]
[Site "Mississauga CAN"]
[Date "2017.08.13"]
[Round "9.9"]
[White "Chen, Max"]
[Black "Jiang, Brian"]
[Result "1/2-1/2"]
[WhiteElo "1987"]
[BlackElo "1827"]
[WhiteFideId "-1"]
[WhiteFideId "-1"]
[PlyCount "133"]
[GameId "2160767908347542"]
[EventDate "2017.08.09"]
[EventType "swiss"]
[EventRounds "7"]
[EventCountry "CAN"]
[SourceTitle "hb 2017"]

1. e4 c5 2. Nf3 Nc6 3. Bb5 g6 4. O-O Bg7 5. Re1 e5 6. c3 Nge7 7. d3 O-O 8. Be3 d6 9. d4 exd4 10. cxd4 Bg4 11. Be2 Bxf3 12. Bxf3 Nxd4 13. Nc3 h6 14. g3 Rb8 15. Bg2 b5 16. Qd2 Kh7 17. Red1 Nc8 18. Ne2 Nxe2+ 19. Qxe2 Qf6 20. Rab1 b4 21. b3 Rb6 22. Rd3 a5 23. Rbd1 Na7 24. Qc2 Nb5 25. Bf4 Nd4 26. Qd2 Qe6 27. Be3 Ra6 28. Bxd4 Bxd4 29. Rf3 Be5 30. Qe2 Rfa8 31. g4 a4 32. Rh3 g5 33. f4 Bf6 34. e5 dxe5 35. Bxa8 Rxa8 36. Qe4+ Kg7 37. f5 Qa6 38. Rhd3 Ra7 39. Rd6 Qb5 40. R6d5 axb3 41. axb3 Ra3 42. Qc4 Qb6 43. Kh1 Qc6 44. Kg1 Ra2 45. Kh1 Rf2 46. Qxc5 Qxc5 47. Rxc5 Rb2 48. Rd3 e4 49. Rg3 e3 50. Rxe3 Bd4 51. Ree5 Bxc5 52. Rxc5 Rxb3 53. Rb5 Rb2 54. Rb6 b3 55. Kg1 Rb1+ 56. Kg2 b2 57. h3 Kf8 58. Rb7 Ke8 59. Kh2 Kd8 60. Kg2 Kc8 61. Rb5 Kc7 62. Rb4 Kc6 63. Rb8 Kd5 64. Rd8+ Ke4 65. Re8+ Kf4 66. Rb8 Ke3 67. Re8+ 1/2-1/2

[Event "CAN-ch U20"]
[Site "Mississauga CAN"]
[Date "2017.08.13"]
[Round "9.10"]
[White "Huang, Youhe"]
[Black "Ning, Eric"]
[Result "0-1"]
[WhiteElo "1680"]
[BlackElo "1928"]
[WhiteFideId "-1"]
[WhiteFideId "-1"]
[PlyCount "62"]
[GameId "2160767908347543"]
[EventDate "2017.08.09"]
[EventType "swiss"]
[EventRounds "7"]
[EventCountry "CAN"]
[SourceTitle "hb 2017"]

1. e4 c5 2. Nf3 Nc6 3. Bb5 g6 4. O-O Bg7 5. c3 e5 6. Re1 Nge7 7. d3 O-O 8. Be3 d6 9. h3 a6 10. Ba4 Kh8 11. Qc1 f5 12. Bh6 f4 13. Bxg7+ Kxg7 14. a3 h6 15. Qd1 g5 16. Nh2 Qe8 17. Nd2 h5 18. d4 cxd4 19. cxd4 b5 20. d5 Nd4 21. Bb3 Qg6 22. f3 Ng8 23. a4 Nf6 24. Qc1 Ra7 25. axb5 g4 26. Kh1 g3 27. bxa6 gxh2 28. Bc4 Rg8 29. Nb3 Kh6 30. Qd2 Bxh3 31. g3 Qxg3 0-1

[Event "CAN-ch U20"]
[Site "Mississauga CAN"]
[Date "2017.08.13"]
[Round "9.11"]
[White "Cui, Leonardo"]
[Black "Uthayakumar, Ronan"]
[Result "1/2-1/2"]
[WhiteElo "1872"]
[BlackElo "1828"]
[WhiteFideId "-1"]
[WhiteFideId "-1"]
[PlyCount "104"]
[GameId "2160767908347544"]
[EventDate "2017.08.09"]
[EventType "swiss"]
[EventRounds "7"]
[EventCountry "CAN"]
[SourceTitle "hb 2017"]

1. d4 d5 2. c4 e6 3. Nf3 Nf6 4. g3 c6 5. Bg2 Bd6 6. Nbd2 O-O 7. O-O Nbd7 8. Qc2 e5 9. dxe5 Nxe5 10. b3 Re8 11. Bb2 Qe7 12. e3 Bg4 13. Rfe1 Bh5 14. Nxe5 Bxe5 15. Bxe5 Qxe5 16. Nf3 Qe6 17. Nd4 Qe5 18. Nf3 Qe7 19. Nh4 Rad8 20. Nf5 Qe5 21. f4 Qc7 22. cxd5 Nxd5 23. Qb2 f6 24. a3 Qb6 25. Qd4 Qxb3 26. Qxa7 Ra8 27. Qd4 Rxa3 28. Rxa3 Qxa3 29. Bxd5+ cxd5 30. Qxd5+ Bf7 31. Qxb7 Qc5 32. g4 Qc3 33. Kf2 Rd8 34. Re2 Qc5 35. Kg3 Qf8 36. Qe7 Bg6 37. Qxf8+ Kxf8 38. Nd4 Re8 39. f5 Bf7 40. Kf4 g6 41. h4 Kg7 42. e4 Re5 43. Nf3 Re7 44. e5 fxe5+ 45. Rxe5 Rxe5 46. Nxe5 Bb3 47. g5 gxf5 48. Kxf5 Bc2+ 49. Ke6 h6 50. Ke7 hxg5 51. hxg5 Bb1 52. Kd6 Be4 1/2-1/2

[Event "CAN-ch U20"]
[Site "Mississauga CAN"]
[Date "2017.08.13"]
[Round "9.12"]
[White "Cui, Cynthia"]
[Black "Gilani, Mysha"]
[Result "1-0"]
[WhiteElo "1767"]
[BlackElo "1643"]
[WhiteFideId "-1"]
[WhiteFideId "-1"]
[PlyCount "175"]
[GameId "2160767908347545"]
[EventDate "2017.08.09"]
[EventType "swiss"]
[EventRounds "7"]
[EventCountry "CAN"]
[SourceTitle "hb 2017"]

1. c4 e5 2. Nc3 Bb4 3. Qc2 Nf6 4. g3 c6 5. Nf3 d6 6. Bg2 O-O 7. a3 Bxc3 8. Qxc3 Nbd7 9. O-O Re8 10. b4 d5 11. e3 Ne4 12. Qb3 Nef6 13. Bb2 e4 14. Nd4 Ne5 15. cxd5 cxd5 16. Bc3 Nc4 17. Qc2 Ne5 18. h3 Bd7 19. Kh2 Rc8 20. Qb3 Nd3 21. a4 Qe7 22. Nc2 b5 23. axb5 Bxb5 24. Rg1 Nxf2 25. Nd4 Bc4 26. Qa4 a6 27. Bf1 Ra8 28. Bxc4 dxc4 29. Rgf1 Nd3 30. b5 Nc5 31. Qxc4 axb5 32. Nxb5 Rxa1 33. Rxa1 Nd3 34. Ra7 Qe6 35. Qc7 Nd5 36. Qb7 Nc5 37. Nc7 Nxb7 38. Nxe6 Nxc3 39. dxc3 fxe6 40. Rxb7 Rc8 41. Rb3 Kf7 42. Kg2 Kf6 43. Kf2 g5 44. Ke2 h5 45. Kd2 g4 46. h4 Kg6 47. Kc2 Rf8 48. c4 Rc8 49. Kc3 e5 50. Rb6+ Kg7 51. Re6 Rd8 52. Rxe5 Rd3+ 53. Kc2 Rxe3 54. c5 Rd3 55. c6 Rd6 56. Rc5 Rd8 57. c7 Rc8 58. Kd2 Kf6 59. Ke3 Ke6 60. Kxe4 Kd6 61. Rc1 Rxc7 62. Rxc7 Kxc7 63. Kf5 Kd6 64. Kg5 Ke5 65. Kxh5 Kf5 66. Kh6 Ke4 67. Kg5 Kf3 68. h5 Kxg3 69. h6 Kf3 70. h7 g3 71. h8=Q g2 72. Qh2 Kf2 73. Qf4+ Kg1 74. Kg4 Kh1 75. Qh6+ Kg1 76. Kg3 Kf1 77. Qc1+ Ke2 78. Kxg2 Kd3 79. Kf3 Kd4 80. Qe3+ Kd5 81. Kf4 Kd6 82. Qe5+ Kd7 83. Qf6 Kc7 84. Ke5 Kd7 85. Qd6+ Ke8 86. Qc7 Kf8 87. Kf6 Kg8 88. Qg7# 1-0

[Event "CAN-ch U20"]
[Site "Mississauga CAN"]
[Date "2017.08.13"]
[Round "9.13"]
[White "Tao, Ellen"]
[Black "Liao, Joseph"]
[Result "0-1"]
[WhiteElo "1618"]
[BlackElo "1717"]
[WhiteFideId "-1"]
[WhiteFideId "-1"]
[PlyCount "88"]
[GameId "2160767908347546"]
[EventDate "2017.08.09"]
[EventType "swiss"]
[EventRounds "7"]
[EventCountry "CAN"]
[SourceTitle "hb 2017"]

1. e4 e6 2. d4 d5 3. Nd2 Nf6 4. e5 Nfd7 5. f4 c5 6. c3 Nc6 7. Ndf3 cxd4 8. cxd4 Nb6 9. Bd3 a5 10. Ne2 Bd7 11. O-O g6 12. Ng3 a4 13. Kh1 a3 14. b3 Nb4 15. Ne1 Nxd3 16. Nxd3 Bb5 17. Re1 Qc7 18. Be3 Bxd3 19. Qxd3 Qd7 20. Bd2 Be7 21. Qf3 O-O 22. Qg4 Kh8 23. Re3 Rfc8 24. Bc3 Rc6 25. Rf1 Rac8 26. Rff3 Na8 27. Nh5 Nc7 28. Rh3 Nb5 29. Nf6 Bxf6 30. Be1 Be7 31. Rh6 Bf8 32. Rxh7+ Kxh7 33. Rh3+ Kg8 34. Qh4 Bg7 35. Qh7+ Kf8 36. Bb4+ Nd6 37. g3 Rc1+ 38. Kg2 R1c2+ 39. Kf3 R2c3+ 40. Ke2 Qb5+ 41. Kf2 Qxb4 42. exd6 Qxd4+ 43. Ke2 Qe4+ 44. Kf2 Rc2+ 0-1